Rebellious Rebecca : (Record no. 5475)
[ view plain ]
| 000 -LEADER | |
|---|---|
| fixed length control field | 00949pam a2200277 i 4500 |
| 001 - CONTROL NUMBER | |
| control field | 3665080 |
| 003 - CONTROL NUMBER IDENTIFIER | |
| control field | GBCCL |
| 005 - DATE AND TIME OF LATEST TRANSACTION | |
| control field | 20241126110543.0 |
| 008 - FIXED-LENGTH DATA ELEMENTS--GENERAL INFORMATION | |
| fixed length control field | 770308s1977 moua j 000 1 eng |
| 010 ## - | |
| -- | 77003550 |
| 020 ## - INTERNATIONAL STANDARD BOOK NUMBER | |
| International Standard Book Number | 0570036127 : |
| Terms of availability | $1.95 |
| 040 ## - CATALOGING SOURCE | |
| Original cataloging agency | DLC |
| Transcribing agency | DLC |
| Modifying agency | DLC |
| 042 ## - | |
| -- | lcac |
| 050 00 - | |
| -- | PZ7.R164 |
| -- | Re |
| 082 00 - DEWEY DECIMAL CLASSIFICATION NUMBER | |
| Classification number | 813.54 |
| Item number | RAN |
| 100 1# - MAIN ENTRY--PERSONAL NAME | |
| Personal name | Ranger, Mary, |
| Dates associated with a name | 1934- |
| 9 (RLIN) | 9859 |
| 245 10 - TITLE STATEMENT | |
| Title | Rebellious Rebecca : |
| Remainder of title | a tax collector's daughter finds her life changing after Christ's visit / |
| Statement of responsibility, etc. | by Mary Ranger. |
| 260 ## - PUBLICATION, DISTRIBUTION, ETC. | |
| Place of publication, distribution, etc. | St. Louis : |
| Name of publisher, distributor, etc. | Concordia Pub. House, |
| Date of publication, distribution, etc. | c1977. |
| 300 ## - PHYSICAL DESCRIPTION | |
| Extent | [56] p. : |
| Other physical details | ill. ; |
| Dimensions | 23 cm. |
| 490 0# - SERIES STATEMENT | |
| Series statement | Starlight books |
| 520 ## - SUMMARY, ETC. | |
| Summary, etc. | The life of a notorious bully drastically changes after she and her family become followers of Jesus. |
| 600 00 - SUBJECT ADDED ENTRY--PERSONAL NAME | |
| Personal name | Jesus Christ |
| General subdivision | Juvenile fiction. |
| 9 (RLIN) | 9860 |
| 600 01 - SUBJECT ADDED ENTRY--PERSONAL NAME | |
| Personal name | Jesus Christ |
| General subdivision | Fiction. |
| 9 (RLIN) | 9104 |
| 906 ## - LOCAL DATA ELEMENT F, LDF (RLIN) | |
| a | 7 |
| b | cbc |
| c | orignew |
| d | 1 |
| e | ocip |
| f | 19 |
| g | y-gencatlg |
| 942 ## - ADDED ENTRY ELEMENTS (KOHA) | |
| Source of classification or shelving scheme | Dewey Decimal Classification |
| Koha item type | Books |
| Withdrawn status | Lost status | Source of classification or shelving scheme | Damaged status | Not for loan | Home library | Current Library | Shelving location | Date acquired | Total checkouts | Full call number | Barcode | Date last seen | Price effective from | Koha item type |
|---|---|---|---|---|---|---|---|---|---|---|---|---|---|---|
| Dewey Decimal Classification | GRACE BIBLE COLLEGE | GRACE BIBLE COLLEGE | General Studies | 2018-03-22 | 813.54 RAN | 001118 | 2025-05-01 | 2018-03-22 | Books |